Capital social y reducción de la pobreza en América Latina y el Caribe: en busca de un nuevo paradigma /

El capital social se refiere a las personas como creadoras y no como víctimas. En el documento se asume que las dimensiones tales como "participación en redes, reciprocidad, confianza, normas sociales, proactividad", permiten investigar empíricamente el capital social en una comunidad conc...

Ful tanımlama

Kaydedildi:
Detaylı Bibliyografya
Yazar: Atria, Raúl
Diğer Yazarlar: comp. Siles, Marcelo comp. Arriagada, Irma comp. Robison, Lindon J. comp. Whiteford, Scott comp
Materyal Türü: Metin
Baskı/Yayın Bilgisi: Santiago: CEPAL
Konular:
Etiketler: Etiketle
Etiket eklenmemiş, İlk siz ekleyin!

MARC

LEADER 00000 a a2200000 04500
001 32392
003
040
020 |a 92-1-322110-0  
090 |a 202007  
100 |a Atria, Raúl  
245 |a Capital social y reducción de la pobreza en América Latina y el Caribe: en busca de un nuevo paradigma /  |c Raúl Atria  
260 |a Santiago:   |b CEPAL  
300 |a 590 p.  
520 |a El capital social se refiere a las personas como creadoras y no como víctimas. En el documento se asume que las dimensiones tales como "participación en redes, reciprocidad, confianza, normas sociales, proactividad", permiten investigar empíricamente el capital social en una comunidad concreta. Asimismo, se asume que el capital social es un recurso. Este documento vincula la discusión sobre capital social con aquella otra sobre la pobreza urbana  
650 |a CAPITAL SOCIAL  
650 |a MEDICION  
650 |a ZONAS URBANAS  
650 |a POBREZA  
650 |a MERCADO DE TRABAJO  
650 |a EDUCACION  
650 |a CHILE  
650 |a POBREZA  
650 |a ESCOLARIDAD  
700 |a comp.   |a Siles, Marcelo   |a comp.   |a Arriagada, Irma   |a comp.   |a Robison, Lindon J.   |a comp.   |a Whiteford, Scott   |a comp.  
999 |c 11140  |d 11140